Brexit a jeho možné vlivy na energetický trh ve Velké Británii

Pohľad na britský energetický trh. Výroba a spotreba primárnych palív (ropa, uhlie, zemný plyn, primárna elektrina) vo Veľkej Británii v r. 2016. Britská čistá dovozná závislosť energetických komodít v rokoch 1970-2016. Prepojenie Veľkej Británie s európskymi krajinami. Spolupráca v rámci medzinárod...

Full description

Saved in:
Bibliographic Details
Main Author: Welsink, Emma
Format: Book Chapter
Language:Czech
Subjects:
Tags: Add Tag
No Tags, Be the first to tag this record!

MARC

LEADER 00000naa a2200000 4500
001 0249694
005 20181219134520.4
041 0 |a cze 
044 |a CZ 
245 1 0 |a Brexit a jeho možné vlivy na energetický trh ve Velké Británii  |c Emma Welsink 
520 |a Pohľad na britský energetický trh. Výroba a spotreba primárnych palív (ropa, uhlie, zemný plyn, primárna elektrina) vo Veľkej Británii v r. 2016. Britská čistá dovozná závislosť energetických komodít v rokoch 1970-2016. Prepojenie Veľkej Británie s európskymi krajinami. Spolupráca v rámci medzinárodných dohôd a organizácií ako je Euratom a Internal Energy Market. Možné dôsledky nedodržania dohôd. 
610 2 0 |a energetika 
610 2 0 |a zdroje energie 
610 2 0 |a trh energetický 
610 2 0 |a spolupráca medzinárodná 
610 2 0 |a dohody medzinárodné 
610 2 0 |a organizácie medzinárodné 
610 2 0 |a Veľká Británia 
610 2 0 |a Európska únia 
100 1 |a Welsink, Emma